000 00413nam a2200169Ia 4500
008 230525s9999 xx 000 0 und d
020 _a978-81-203-3277-5
082 _a624.18341
_bBAN
100 _aJ.N.Bandyopadhyay
245 0 _aDesign of Concrete Structures
250 _a1
260 _aNew Delhi
_bPHI
_c2014
300 _aXIX,592p;
500 _aQuantity Number: 25
650 _aCivil
942 _cBK
999 _c61031
_d61031